| 000 | 01468nam0a22003131 4500 | ||
|---|---|---|---|
| 001 | rc\3667951 | ||
| 005 | 20260407082906.0 | ||
| 021 |
_aRU _bРг3056-72 |
||
| 021 |
_aRU _b71-36846 |
||
| 035 | _a(NLR Aleph) 007743931 | ||
| 090 |
_a7189784 _c7189784 |
||
| 100 | _a20130115d1971 |||y0rusy50 ca | ||
| 101 | 0 | _arus | |
| 102 | _aRU | ||
| 105 | _aa z ||||| | ||
| 200 | 1 | _aК вопросу об изменениях костно-суставной системы у работающих в условиях воздействия вибрации | |
| 210 |
_aМосква _cБ. и. _d1971 |
||
| 215 |
_a[1], 29 с., 1 л. табл. _d20 |
||
| 225 | 1 | _aИнститут гигиены труда и профессиональных заболеваний Академия медицинский наук СССР. Информационно-методическое письмо | |
| 300 | _aНа обороте тит. л. сост.: чл.-кор. АМН СССР, проф. К.П. Молоканов, канд. мед. наук Г.А. Али-Заде | ||
| 702 | 1 |
_aАли-Заде _bГ.А. _4220 |
|
| 702 | 1 |
_aМолоканов _bК.П. _gКонстантин Павлович _4220 |
|
| 712 | 0 | 2 |
_4570 _aИнститут гигиены труда и профзаболеваний _cМосква _3RU\NLR\AUTH\888975 _9290453 |
| 801 | 0 |
_aRU _bNLR _gpsbo |
|
| 801 | 1 |
_aRU _bELAR _2rusmarc |
|
| 852 |
_aNLR _j72-4/4042 |
||
| 942 | _cBOOK | ||
| 980 | _aNB | ||